000 00558nam a2200193 4500
001 16971
005 20230404125950.0
008 060907n2003 dr spa
020 _a8483075598
035 _9funglode17106
041 _aES
050 1 4 _a103 F 2647 L955t 2003
100 _aLula Da Silva, Luiz Inácio
245 1 _aTengo un sueño :
_bcinco propuestas para cambiar la historia /
_cLuiz Inácio Lula Da Silva
260 _aBarcelona :
_bEdiciones Península,
_c2003
300 _a91 p.
440 _aAtalaya ;
_v141
942 _2lcc
_cbk
999 _c8231
_d8231